Tratado de piscicultura

Kaydedildi:
Detaylı Bibliyografya
Yazar: Huet, Marcel (Yazar)
Materyal Türü: Kitap
Dil:İspanyolca
Baskı/Yayın Bilgisi: Madrid Mundi Prensa 1998
Edisyon:3a. ed
Konular:
Etiketler: Etiketle
Etiket eklenmemiş, İlk siz ekleyin!

MARC

LEADER 00000nam a2200000 a 4500
001 UCM1465
003 CL-VaPUC
008 020404e19980000SP |||||||||||||||||spa|d
082 0 4 |a 639.3  |b HUE  |2 21 
100 |a Huet, Marcel  |e author  |9 468426 
245 1 0 |a Tratado de piscicultura 
250 |a 3a. ed 
300 |a 749 p 
942 |c BK 
945 |d 20020404 00:00:00  |a vberengu 
260 |a Madrid  |b Mundi Prensa  |c 1998 
650 7 |a ESTANQUES  |2 CL-VaPUC  |9 358473 
650 7 |a TRUCHAS  |2 CL-VaPUC  |9 261157 
650 7 |a SALMONIDOS  |2 CL-VaPUC  |9 262115 
650 7 |a PISCICULTURA  |2 CL-VaPUC  |9 259974 
650 7 |a PECES  |2 CL-VaPUC  |9 468427 
583 |a last modification  |c 20180404 10:10:43  |k Rodrigo Vera 
999 |c 299919  |d 299917 
952 |0 0  |1 0  |4 0  |6 639_300000000000000_HUE_1998  |7 0  |8 CCM  |9 357002  |a BIBCUR  |b BIBCUR  |d 2019-11-21  |i 3803880  |o 639.3 HUE 1998  |p 3803880  |r 2025-04-22  |w 2019-11-21  |y BK_R  |k RNT